00390nam a2200145Ia 4500008004100000020001500041041001200056082001600068100001700084245008200101260002900183300001000212650000700222700001500229221030s9999 xx 000 0 und d a007060651x aEnglish a105.23bCat aJ. J. Cathey 0aSchaum`s Outlines : Basic Electrical Engineeringcby J. J. Cathey, S. A Nasar bT M H ,aNew Delhic2006 a17.29 aEE aS. A Nasar